000 03738nas1a22007211i 4500
001 RU\NLR\INFOCOMM16\1000033125
005 20260407111710.0
011 _a0130-3074
035 _a(NLR Aleph) 002712692
090 _a1805350
_c1805350
100 _a20040225a19699999|||y0rusy50 ca
101 0 _arus
102 _aRU
110 _aagu||||0|y0
200 1 _aДефектология
_eНауч.-метод. журнал Акад. пед. наук СССР
210 _aМ.
_cПросвещение
_d1969 -
510 1 _aDefectology
_zeng
711 0 2 _aАкадемия педагогических наук СССР
_3RU\NLR\AUTH\889939656
_9374169
712 0 2 _4570
_aРоссийская академия образования
_3RU\NLR\AUTH\889939667
_9374191
712 0 2 _4570
_aИнститут коррекционной педагогики
_cМосква
_3RU\NLR\AUTH\8818300
_9309794
801 1 _aRU
_bInfoComm
_c20040225
801 0 _aRU
_bNLR
_gPSBO
801 2 _aRU
_bNLR
_c20080125
_2rusmarc
852 _aNLR
_jП29/522
942 _cJOURNAL
980 _aRUSPER